[Event "Warsaw op (Women)"]
[Site "Warsaw"]
[Date "1996.??.??"]
[Round "7"]
[White "Sosnowska, Elzbieta"]
[Black "Nekrasova, Elena"]
[Result "1/2-1/2"]
[WhiteElo "2100"]
[BlackElo "2085"]

1.e4 c5 2.Nf3 e6 3.d4 cxd4 4.Nxd4 Nc6 5.Nc3 Qc7 6.Ndb5 Qb8 7.a4 a6 8.Na3 Nf6
9.Bd3 Ne5 10.O-O Neg4 11.g3 Bc5 12.Qe2 h5 13.Bf4 d6 14.Nc4 h4 15.e5 hxg3
16.Bxg3 dxe5 17.Nxe5 Nxe5 18.Qxe5 Qxe5 19.Bxe5 Bd7 20.Ne4 Nxe4 21.Bxe4 O-O-O
22.b4 Bb6 23.c4 Rh4 24.Rfe1 Bc6 25.Bxc6 bxc6 26.b5 Rxc4 27.bxa6 Bd4 28.Bxd4 Rdxd4
29.a5 Ra4 30.Kg2 Rxa1 31.Rxa1 Rd5 32.Kf3 Kb8 33.Rc1 Kc7 34.Rb1 Rb5 35.Ra1 f6
36.Ke4 g5 37.Kd4 Rd5+ 38.Kc4 Rb5 39.Ra3 Kc8 40.Ra4 Rd5 41.Ra3 Kb8 42.Rb3+ Ka7
43.Rb6 Rxa5 44.Rxc6 Rf5 45.Rxe6 Rxf2 46.Kd5 Rxh2 47.Rxf6 Ra2 48.Ke4 Rxa6
49.Rxa6+ Kxa6  1/2-1/2

[Event "Wattens op"]
[Site "Wattens"]
[Date "1996.??.??"]
[Round "3"]
[White "Feiersinger, Gerhard"]
[Black "Hofmann, Bernhard"]
[Result "0-1"]
[WhiteElo "1690"]
[BlackElo "1935"]

1.e4 c5 2.Nf3 e6 3.Nc3 Nc6 4.d4 cxd4 5.Nxd4 Nf6 6.Nxc6 bxc6 7.Bd3 d5 8.exd5 cxd5
9.O-O Be7 10.Bf4 O-O 11.Re1 Qb6 12.Be5 Ba6 13.Re3 Bxd3 14.Qxd3 Ng4 15.Bd4 Qd6
16.Rh3 f5 17.f3 Ne5 18.Qe2 Ng6 19.Qe1 e5 20.Bf2 Nf4 21.Rg3 Bh4 22.Rxg7+ Kxg7
23.Bxh4 Ng6 24.Bf2 d4 25.Ne2 Rab8 26.b3 Rbc8 27.Qd2 Qa3 28.f4 Qb2 29.Rc1 d3
30.Qxd3 Nxf4 31.Qg3+ Ng6 32.h4 Rxc2 33.Rxc2 Qxc2 34.h5 Qxe2 35.hxg6 hxg6
36.Bxa7 Qd1+ 37.Kf2 Qd2+ 38.Kf1 Qd1+ 39.Kf2 Qc2+ 40.Kf1 Qb1+ 41.Qe1 Qxe1+
42.Kxe1 Ra8 43.Bc5 Rxa2 44.Kf1 Kf6 45.b4 Ke6  0-1

[Event "Sonnevanck"]
[Site "Wijk aan Zee"]
[Date "1996.??.??"]
[Round "6"]
[White "Willemze, Jeroen"]
[Black "Loeffler, Stefan"]
[Result "1-0"]
[WhiteElo "2160"]
[BlackElo "2410"]

1.e4 c5 2.Nf3 e6 3.d4 cxd4 4.Nxd4 Nc6 5.Nc3 d6 6.Be3 Nf6 7.Bc4 Be7 8.Bb3 Bd7
9.O-O O-O 10.f4 Nxd4 11.Bxd4 Bc6 12.Qd3 b5 13.Nxb5 e5 14.Be3 Bxe4 15.Qe2 Qd7
16.Rad1 exf4 17.Rxf4 Rfe8 18.Nc3 Bc6 19.Bd4 Bd8 20.Qf2 a5 21.Qg3 Kf8 22.Rdf1 a4
23.Bc4 d5 24.Bd3 Bc7 25.Qh4 Bxf4 26.Rxf4 Qe6 27.Rxf6 Qe1+ 28.Qxe1 Rxe1+ 29.Kf2 Re6
30.Rf4 h6 31.Nb5 Rc8 32.Na7 Rb8 33.Bf5  1-0

[Event "Hoogovens-B"]
[Site "Wijk aan Zee"]
[Date "1996.??.??"]
[Round "7"]
[White "Garcia, Gildardo"]
[Black "Nijboer, Friso"]
[Result "1-0"]
[WhiteElo "2525"]
[BlackElo "2475"]

1.e4 c5 2.Nf3 e6 3.d4 cxd4 4.Nxd4 Nc6 5.Nc3 Nf6 6.Ndb5 d6 7.Bf4 e5 8.Bg5 a6
9.Na3 b5 10.Nd5 Be7 11.Bxf6 Bxf6 12.c3 Bb7 13.Nc2 Ne7 14.Ncb4 O-O 15.Be2 Nxd5
16.Nxd5 Rc8 17.O-O Rc5 18.b4 Rc8 19.a4 Bxd5 20.Qxd5 Rxc3 21.axb5 axb5 22.Bxb5 Qc7
23.g3 g6 24.Kg2 Kg7 25.Rfd1 Rb8 26.Ra6 Be7 27.Rb1 Bd8 28.Rba1 Qe7 29.Qd2 Rb3
30.Rxd6 Rxb5 31.Rxd8 Qf6 32.h4 Rb2 33.Qxb2 Qxd8 34.Qc3 Qb6 35.Ra5 Rxb4 36.Qxe5+ Qf6
37.Qc5 Rxe4 38.Ra8 Qe7 39.Qc8 Kf6 40.Qh8+  1-0

[Event "Sonnevanck"]
[Site "Wijk aan Zee"]
[Date "1996.??.??"]
[Round "8"]
[White "Willemze, Jeroen"]
[Black "Rogers, Ian"]
[Result "0-1"]
[WhiteElo "2160"]
[BlackElo "2575"]

1.e4 c5 2.Nf3 Nc6 3.d4 cxd4 4.Nxd4 e6 5.Nc3 Qc7 6.Be2 a6 7.Be3 Nf6 8.O-O Bb4
9.Nxc6 bxc6 10.Na4 Rb8 11.c4 Be7 12.c5 Nxe4 13.Qd4 d5 14.cxd6 Bxd6 15.Nb6 Nf6
16.Nc4 Bxh2+ 17.Kh1 c5 18.Qh4 Be5 19.Qg5 Nd7 20.Rad1 Bf6 21.Bf4 e5 22.Qh5 O-O
23.Bg3 g6 24.Qh2 Bg7 25.f4 Nb6 26.Nxe5 Bf5 27.Bxa6 Na4 28.b3 Nc3 29.Rde1 Nb5
30.Bh4 Qb6 31.Bxb5 Qxb5 32.Qg3 Rfe8 33.Ng4 Qa6 34.Ne3 Bd3 35.Rf3 Qxa2 36.f5 Rxb3
37.fxg6 Bxg6 38.Ref1 Qe2 39.Re1 Qb5 40.Rc1 Rb1 41.Rff1 Rxc1 42.Rxc1 Qb2 43.Rd1 Qe2
44.Rd8 Rxd8 45.Bxd8 Qh5+ 46.Kg1 Be5 47.Qf3 Bd4 48.Kf2 c4 49.Be7 Qxf3+ 50.Kxf3 c3
51.Ba3 Bd3 52.Nd5 f5 53.Kf4 Kf7 54.Nb4 Bb1 55.Bc1 Bg7 56.Kg5 Be4 57.g3 Be5
58.g4 f4  0-1

[Event "Hoogovens"]
[Site "Wijk aan Zee"]
[Date "1996.??.??"]
[Round "9"]
[White "Ivanchuk, Vassily"]
[Black "Huebner, Robert"]
[Result "1/2-1/2"]
[WhiteElo "2735"]
[BlackElo "2635"]

1.e4 c5 2.Nf3 e6 3.d4 cxd4 4.Nxd4 Nc6 5.Nc3 Qc7 6.g3 a6 7.Bg2 Nf6 8.O-O h6
9.b3 Be7 10.Na4 b5 11.e5 bxa4 12.Nxc6 dxc6 13.exf6 Bxf6 14.Ba3 Bxa1 15.Qxa1 f6
16.Qd1 Kf7 17.Bd6 Qd7 18.Qh5+ g6 19.Qc5 Bb7 20.Rd1 axb3 21.cxb3 Rad8 22.h4 h5
23.b4 Kg8 24.Rd4 Qg7 25.Be4 Re8 26.f4 Qf7 27.a4  1/2-1/2

[Event "Winterthur"]
[Site "Winterthur"]
[Date "1996.??.??"]
[Round "3"]
[White "Hjartarson, Johann"]
[Black "Vogt, Lothar"]
[Result "1-0"]
[WhiteElo "2565"]
[BlackElo "2505"]

1.e4 c5 2.Nf3 e6 3.d4 cxd4 4.Nxd4 Nc6 5.Nc3 d6 6.Be3 Nf6 7.f3 Be7 8.Qd2 a6
9.g4 O-O 10.O-O-O Nxd4 11.Bxd4 b5 12.Kb1 Bb7 13.h4 Nd7 14.g5 Ne5 15.Qf2 Qc7
16.Rg1 Rac8 17.a3 Nc4 18.Bxc4 Qxc4 19.Bf6 Bd8 20.Bxd8 Rfxd8 21.Rd3 Qc5 22.Qh2 a5
23.Rgd1 b4 24.Na4 Qb5 25.b3 d5 26.axb4 axb4 27.h5 Qe8 28.h6 Qf8 29.Qe5 Re8
30.Nb6 Rcd8 31.exd5 Bxd5 32.f4 gxh6 33.gxh6 f6 34.Qc7 Qxh6 35.f5 Rb8 36.Nd7 Rb7
37.Qg3+ Kh8 38.Nc5 Rg7 39.Qd6 Rge7 40.fxe6 Bxe6 41.Re1 Ra7 42.Nxe6 Rea8 43.Qd8+ Rxd8
44.Rxd8+  1-0

[Event "Winterthur"]
[Site "Winterthur"]
[Date "1996.??.??"]
[Round "5"]
[White "Gallagher, Joseph G"]
[Black "Vogt, Lothar"]
[Result "1-0"]
[WhiteElo "2530"]
[BlackElo "2505"]

1.e4 c5 2.Nf3 e6 3.d4 cxd4 4.Nxd4 Nc6 5.Nc3 d6 6.g4 a6 7.Be3 Nge7 8.Nb3 b5
9.Qe2 Bb7 10.f4 Na5 11.Nxa5 Qxa5 12.Bg2 Ng6 13.Qf2 Rc8 14.Bb6 Qb4 15.O-O-O Qc4
16.h4 Qc6 17.Be3 b4 18.Nd5 exd5 19.exd5 Qa4 20.Kb1 h5 21.g5 Be7 22.Bd4 O-O
23.f5 Ne5 24.f6 Ng4 25.Qd2 Bd8 26.fxg7 Re8 27.Bf3 Ne5 28.Bxh5 Bxd5 29.b3 Qc6
30.Rhe1 Be4 31.Rc1 Qd5 32.g6 Bf6 33.Rxe4 Qxe4 34.gxf7+ Nxf7 35.Bxf6 Qf5 36.Bxf7+ Kxf7
37.Bb2 Kg8 38.Qh6 Qh7 39.Qxd6 Qf5 40.Qh6 Rxc2 41.Qh8+ Kf7 42.Qxe8+ Kxe8 43.g8=Q+  1-0

[Event "Winterthur-B"]
[Site "Winterthur"]
[Date "1996.??.??"]
[Round "6"]
[White "Atlas, Valeri"]
[Black "Kaenel, Hansjuerg"]
[Result "1/2-1/2"]
[WhiteElo "2470"]
[BlackElo "2405"]

1.e4 c5 2.Nf3 e6 3.d4 cxd4 4.Nxd4 Nc6 5.Nc3 Qc7 6.g3 a6 7.Bg2 d6 8.O-O Bd7
9.a4 Nf6 10.Nxc6 Bxc6 11.a5 Be7 12.Be3 Nd7 13.Na4 O-O 14.Nb6 Nxb6 15.Bxb6 Qd7
16.c4 Rae8 17.Qd2 f5 18.Rfe1 fxe4 19.Bxe4 Bd8 20.Bxd8 Bxe4 21.Rxe4 Rxd8 22.Rd1 Rf5
23.Qe3 Kf7 24.Re1 Re8 25.Qd3 Kg8 26.Rd4 Rd8 27.Qe4 Rxa5 28.Qxe6+ Qxe6 29.Rxe6 Rc5
30.Re7 b5 31.cxb5 axb5 32.Rg4 g5 33.Rb7 Rf8 34.h4 h6 35.hxg5 hxg5 36.f4 Rff5
37.b4 Rc4 38.Rxg5+ Rxg5 39.fxg5 Rxb4 40.Kf2  1/2-1/2

[Event "Winterthur-B"]
[Site "Winterthur"]
[Date "1996.??.??"]
[Round "8"]
[White "Belotti, Bruno"]
[Black "Kaenel, Hansjuerg"]
[Result "0-1"]
[WhiteElo "2400"]
[BlackElo "2405"]

1.e4 c5 2.Nf3 e6 3.d4 cxd4 4.Nxd4 Nc6 5.Nc3 Qc7 6.Be2 a6 7.O-O Nf6 8.Be3 Bb4
9.Na4 O-O 10.c4 Be7 11.Nc3 d6 12.Rc1 Nxd4 13.Qxd4 Bd7 14.Rfd1 Rfd8 15.Qb6 Qb8
16.f3 Bc6 17.Qb3 h6 18.a3 Rc8 19.Na4 Bxa4 20.Qxa4 Rc6 21.Qb4 Qc7 22.Qe1 Rc8
23.b4 Qb8 24.a4 b6 25.Kh1 Nd7 26.Qg3 Kh8 27.f4 Nf6 28.Qf3 Kg8 29.g4 a5 30.b5 R6c7
31.h4 Qb7 32.Bd3 Nd7 33.g5 hxg5 34.hxg5 Nc5 35.Bxc5 Rxc5 36.Rc2 g6 37.Rh2 Bf8
38.Kg2 Rxc4 39.Bxc4 Rxc4 40.Kg3 Qc7 41.Ra2 Qc5 42.Kg4 e5 43.Rf1 d5 44.Re2 dxe4
45.Rxe4 Rc3 46.Qg2 exf4 47.Rexf4 f5+ 48.Kh4 Qc7 49.Qd5+ Kh8 50.Qd4+ Bg7 51.Qd5 Be5
52.Qa8+ Kg7 53.Re4 Bg3+  0-1

[Event "Oberliga Wuert9596"]
[Site "Wuerttemberg"]
[Date "1996.??.??"]
[Round "?"]
[White "Birk, Steffen"]
[Black "Escher, Thomas"]
[Result "1-0"]
[WhiteElo "2250"]
[BlackElo "2215"]

1.e4 c5 2.Nf3 e6 3.d4 cxd4 4.Nxd4 Nc6 5.Nc3 d6 6.g4 a6 7.Be3 Qc7 8.Qe2 Nf6
9.g5 Nd7 10.O-O-O Be7 11.h4 Nc5 12.Bg2 Bd7 13.f4 O-O-O 14.f5 Ne5 15.Bh3 Kb8
16.fxe6 fxe6 17.Kb1 Qa5 18.Rhf1 Rhf8 19.Nb3 Nxb3 20.axb3 g6 21.Bf4 Bc8 22.Qe3 Nc6
23.Bg3 Nb4 24.Bf2 Nc6 25.Na4 e5 26.Bxc8 Rxc8 27.Nb6 Rce8 28.Nd7+ Kc8 29.Nxf8 Rxf8
30.Qb6 Qxb6 31.Bxb6 Kd7 32.Rxf8 Bxf8 33.Rf1 Ke7 34.c3 Bg7 35.Kc2 h5 36.gxh6 Bxh6
37.Kd3 Bf4 38.Rg1 Kf6 39.Kc4 Kf7 40.Kd5 Ne7+ 41.Kxd6 Nc8+ 42.Kc7 Nxb6 43.Rf1 Nd7
44.Kxd7 Kg7 45.Rg1 Kh6 46.Ke6 Kh5 47.Kf6 Kxh4 48.Rxg6 b5 49.Kf5 Bc1 50.Rxa6 Bxb2
51.Rb6 Bxc3 52.Rxb5 Kg3 53.Rxe5  1-0

[Event "Wuerzburg op"]
[Site "Wuerzburg"]
[Date "1996.??.??"]
[Round "2.10"]
[White "Thielen, Dankward"]
[Black "Ruzele, Darius"]
[Result "1/2-1/2"]
[WhiteElo "2125"]
[BlackElo "2465"]

1.e4 c5 2.Nc3 Nc6 3.Nge2 e6 4.d4 cxd4 5.Nxd4 Qc7 6.g3 a6 7.Bg2 Nf6 8.O-O Bc5
9.Nb3 Ba7 10.Bf4 Ne5 11.Kh1 d6 12.Qe2 Bd7 13.Rad1 h6 14.Be3 Nc4 15.Bc1 Rc8
16.Nd2 Na5 17.f4 Nc6 18.Nf3 Ne7 19.Be3 Bxe3 20.Qxe3 O-O 21.Qd4 Bc6 22.Qxd6 Nxe4
23.Qxc7 Rxc7 24.Nxe4 Bxe4 25.c3 Bd5 26.a3 Rfc8 27.Rfe1 a5 28.Nd4 Rc5 29.Bxd5 Rxd5
30.Nf3 Rcd8 31.Rxd5 Rxd5 32.Kg2 Nc6 33.Kf2 g5 34.Ke2 gxf4 35.gxf4 Rf5 36.Ke3 Ne7
37.c4 Ng6 38.Rg1 Kf8 39.Rg4 Rf6 40.b4 axb4 41.axb4 Ke8 42.Ne5 h5 43.Rg5 Nxf4
44.Rg8+ Ke7 45.Rb8 Kd6 46.Nd3 Kc7 47.Rh8 Nxd3 48.Kxd3 Rf5 49.Ke4 Rg5 50.Rh7 Rg4+
51.Kd3 Rf4 52.Rxh5 f5 53.Rh7+ Kc6 54.h4 b5 55.cxb5+ Kxb5 56.h5 Kxb4 57.Re7 Kc5
58.Rxe6 Rh4  1/2-1/2

[Event "Yalta op"]
[Site "Yalta"]
[Date "1996.??.??"]
[Round "2"]
[White "Shaposhnikov, Evgeny"]
[Black "Tunik, Gennady"]
[Result "0-1"]
[WhiteElo "2320"]
[BlackElo "2475"]

1.e4 c5 2.Nf3 e6 3.d4 cxd4 4.Nxd4 Nc6 5.Nc3 a6 6.Be2 Qc7 7.O-O Nf6 8.Kh1 Nxd4
9.Qxd4 Bc5 10.Qd3 b5 11.f4 h5 12.e5 Ng4 13.Qh3 Nh6 14.a4 b4 15.Ne4 Be7 16.Bf3 Bb7
17.Nd6+ Bxd6 18.exd6 Qc4 19.Be3 Bxf3 20.Qxf3 O-O 21.Qxh5 Qxc2 22.Rf3 Qxb2
23.Raf1 f5 24.Bc1 Qe2 25.Qg5 Rac8 26.Kg1 Ng4 27.Rg3 Rc3 28.Rxc3 bxc3 29.Qh5 Qd3
30.h3 Nf6 31.Qd1 Qxd1 32.Rxd1 Rb8  0-1

[Event "Yalta op"]
[Site "Yalta"]
[Date "1996.??.??"]
[Round "7"]
[White "Belov, Igor"]
[Black "Nekrasova, Elena"]
[Result "1/2-1/2"]
[WhiteElo "2430"]
[BlackElo "2085"]

1.e4 c5 2.Nf3 e6 3.d4 cxd4 4.Nxd4 Nc6 5.Nc3 Nf6 6.Ndb5 Bb4 7.Nd6+ Ke7 8.Nxc8+ Rxc8
9.Bd3 d5 10.exd5 Nxd5 11.O-O Nxc3 12.bxc3 Bd6 13.Bg5+ f6 14.Bd2 Qc7 15.h3 Kf7
16.f4 Ne7 17.Rb1 Rcd8 18.Qf3 Bc5+ 19.Kh1 Bb6 20.Rfe1 Nf5 21.Kh2 g6 22.a4 Nd6
23.Be3 Bxe3 24.Qxe3 Rhe8 25.Qxa7 Qxc3 26.Qe3 Qa5 27.Bb5 Re7  1/2-1/2

[Event "Yalta op"]
[Site "Yalta"]
[Date "1996.??.??"]
[Round "11"]
[White "Mikhaletz, Lubomir"]
[Black "Averkin, Orest N"]
[Result "1/2-1/2"]
[WhiteElo "2360"]
[BlackElo "2455"]

1.e4 c5 2.Nf3 e6 3.d4 cxd4 4.Nxd4 Nc6 5.Nc3 a6 6.Be2 Qc7 7.O-O Nf6 8.Bg5 Be7
9.Nf3 O-O 10.Qd2 d6 11.a4 b6 12.Rae1 Bb7 13.Bd3 Rfd8 14.Qf4 Nb4 15.Qg3 Nxd3
16.cxd3 Rd7 17.Ne2 Qd8 18.Nf4 e5 19.Bxf6 Bxf6 20.Nh5 Rc8 21.Nh4 g6 22.Nxf6+ Qxf6
23.Nf5 Kh8 24.Ne3 b5 25.axb5 axb5 26.Ra1 Rdc7 27.Ra5 Bc6 28.h3 Qf4 29.Ra6 h5
30.Rc1 Qxg3 31.fxg3 Kg7 32.Rb6 Kf8 33.Rc3 Ke7 34.Kf2 Ke6 35.g4 hxg4 36.hxg4 f6
37.Ke2 Bd7 38.Nd5 Rxc3 39.Nxc3 Bc6 40.Kd2 f5 41.gxf5+ gxf5 42.exf5+ Kxf5  1/2-1/2

[Event "Yerevan ol (Men)"]
[Site "Yerevan"]
[Date "1996.??.??"]
[Round "2"]
[White "Nisipeanu, Liviu Dieter"]
[Black "Franzoni, Giancarlo"]
[Result "1/2-1/2"]
[WhiteElo "2500"]
[BlackElo "2460"]

1.e4 c5 2.Nf3 e6 3.Nc3 Nc6 4.d4 cxd4 5.Nxd4 Qc7 6.Be2 a6 7.O-O Nf6 8.Kh1 Nxd4
9.Qxd4 Bc5 10.Qd3 b5 11.f4 Bb7 12.Bf3 O-O 13.e5 Ne8 14.Bxb7 Qxb7 15.f5 f6
16.exf6 Nxf6 17.Bg5 exf5 18.Qxf5 Bd4 19.Qd3 Bxc3 20.Qxc3 Qc6 21.Qb3+ Qc4
22.Bxf6 Rxf6 23.Rxf6 Qxb3 24.axb3 gxf6 25.Kg1 Kf7 26.Kf2 Rc8 27.c3 b4 28.c4 d5
29.cxd5 Rc2+ 30.Kf3 Rxb2 31.Rxa6 Rxb3+ 32.Ke4 Rb2 33.Ra7+ Ke8 34.Rxh7 Rxg2
35.Kf5 b3 36.h4 b2 37.Rb7 Kd8 38.Kxf6 Rh2 39.Kg5 Rd2 40.Kg6 Rxd5 41.Rxb2 Rd1
42.Rg2 Ke7 43.Kg7 Rh1 44.Re2+ Kd6 45.Re4 Kd5 46.Rg4 Ke6 47.Kg6 Ke7  1/2-1/2

[Event "Yerevan ol (Men)"]
[Site "Yerevan"]
[Date "1996.??.??"]
[Round "2"]
[White "Pacheco Asmat, Jorge"]
[Black "Arancibia, Eduardo"]
[Result "1/2-1/2"]
[WhiteElo "2385"]
[BlackElo "2340"]

1.e4 c5 2.Nf3 e6 3.d4 cxd4 4.Nxd4 Nc6 5.Nc3 a6 6.Be2 Qc7 7.O-O Nf6 8.Be3 Bb4
9.Na4 Be7 10.Nxc6 bxc6 11.Nb6 Rb8 12.Nxc8 Qxc8 13.e5 Nd5 14.Bc1 Bc5 15.c4 Ne7
16.b3 Qc7 17.Bb2 Ng6 18.Kh1 d6 19.exd6 Bxd6 20.g3 Be5 21.Bxe5 Nxe5 22.f4 Ng6
23.Qd4 O-O 24.Qc5 Rfd8 25.Rad1 a5 26.Kg2 Ne7 27.Bf3 g6 28.Kh3 h6 29.Rfe1 Kg7
30.Rd4 Rxd4 31.Qxd4+ Kg8 32.Rd1 a4 33.bxa4 Nf5 34.Qf6 c5 35.a5 Qxa5 36.Rd7 Rf8
37.Qe5 Qa4 38.Rc7 Qxc4 39.Qe2 Qc3 40.Be4 Qa5 41.Rd7 Ng7 42.Bxg6 Qa4 43.Re7 fxg6
44.Qe5 Rf7 45.Qb8+ Rf8 46.Qe5 Rf7  1/2-1/2

[Event "Yerevan ol (Men)"]
[Site "Yerevan"]
[Date "1996.??.??"]
[Round "2"]
[White "Jodorcovsky, Paulo"]
[Black "Mamouri, Mehde"]
[Result "1-0"]
[WhiteElo "2275"]
[BlackElo "2210"]

1.e4 c5 2.Nf3 e6 3.d4 cxd4 4.Nxd4 Nc6 5.Nc3 Qc7 6.Be2 Nf6 7.O-O a6 8.Be3 Bb4
9.Na4 Be7 10.c4 Nxe4 11.Nxc6 bxc6 12.Qd4 Nf6 13.Nb6 Rb8 14.c5 e5 15.Qc4 Bb7
16.Bf3 O-O 17.Rfd1 Rfe8 18.Bg5 Rbd8 19.Rac1 e4 20.Be2 Nd5 21.Bxe7 Rxe7 22.Nxd5 cxd5
23.Qb4 Re6 24.Rc3 Rf6 25.Rb3 Ba8 26.Ra3 Rb8 27.Qd4 a5 28.Rg3 Rg6 29.Bg4 Rb4
30.Qd2 Qxc5 31.Rc1 Rc4 32.Rxc4 dxc4 33.Qxd7 Qf8 34.Qc7 Ra6 35.Qxc4 Rc6 36.Qd4 f5
37.Bd1 Rd6 38.Bb3+ Kh8 39.Qe5 f4 40.Rxg7  1-0

[Event "Yerevan ol (Men)"]
[Site "Yerevan"]
[Date "1996.??.??"]
[Round "2"]
[White "Wang Zili"]
[Black "Leitao, Rafael"]
[Result "1-0"]
[WhiteElo "2535"]
[BlackElo "2475"]

1.e4 c5 2.Nf3 e6 3.d4 cxd4 4.Nxd4 Nc6 5.Nc3 Qc7 6.Be2 a6 7.O-O Nf6 8.Be3 Bb4
9.Na4 Be7 10.Nxc6 bxc6 11.Nb6 Rb8 12.Nxc8 Qxc8 13.e5 Nd5 14.Bc1 Bc5 15.c4 Ne7
16.b3 Qc7 17.Bb2 O-O 18.Qd3 d6 19.exd6 Bxd6 20.Qc3 f6 21.Qh3 f5 22.c5 Be5
23.Bxe5 Qxe5 24.Rfe1 Qxc5 25.Bc4 Nd5 26.Rxe6 Kh8 27.Qf3 a5 28.Rae1 a4 29.h4 Nb4
30.h5 Nxa2 31.h6 gxh6 32.Rxc6 Qd4 33.Rxh6 Qg7 34.Rhe6 axb3 35.Re7 Qf6 36.Qh5  1-0

[Event "Yerevan op"]
[Site "Yerevan"]
[Date "1996.??.??"]
[Round "2"]
[White "Mnatsakanian, Eduard A"]
[Black "Al Modiahki, Mohamad"]
[Result "1/2-1/2"]
[WhiteElo "2390"]
[BlackElo "2425"]

1.e4 c5 2.Nf3 e6 3.d4 cxd4 4.Nxd4 Nc6 5.Nc3 Qc7 6.g3 a6 7.Bg2 d6 8.O-O Be7
9.Re1 Bd7 10.Be3 Ne5 11.Nde2 Nf6 12.a4 O-O 13.b3 Neg4 14.Qd3 Nxe3 15.Qxe3 Rac8
16.h3 Qc5 17.Qd3 Bd8 18.Rec1 b5 19.axb5 axb5 20.Nd1 Bb6 21.Ne3 Bc6 22.Rd1 d5
23.exd5 Nxd5 24.Bxd5 Bxd5 25.b4 Qxb4 26.Rab1 Qe4 27.Nxd5 exd5 28.Rxb5 Rxc2
29.Qxe4 dxe4 30.Rxb6 Rxe2 31.Kf1 Rc2 32.Rd4 Rc1+ 33.Ke2 Re8 34.Kd2 Rcc8 35.Ke3 Rc3+
36.Ke2 g6 37.Rbb4 e3 38.Re4 Rxe4 39.Rxe4 exf2 40.Kxf2 Kg7 41.h4 Rc7 42.Re5 Kf6
43.Ra5 h5 44.Kf3 Rc3+ 45.Kf4 Rc1 46.Ra6+ Kg7 47.Kf3 Rf1+ 48.Kg2 Rf6 49.Ra5 Re6
50.Kf3 Kf6 51.Kf4 Rb6 52.Rc5 Ke6 53.Re5+ Kd6 54.Ra5 Rb4+ 55.Kf3 Rd4 56.Ra7 Ke6
57.Ra6+ Ke5 58.Ra7 f6 59.Ra5+ Rd5 60.Ra3 Kf5 61.Rb3 g5 62.hxg5 fxg5 63.g4+ hxg4+
64.Kg3 Ra5 65.Rc3 Ra4 66.Rc5+ Kg6 67.Rc8  1/2-1/2

[Event "Yerevan ol (Women)"]
[Site "Yerevan"]
[Date "1996.??.??"]
[Round "2"]
[White "Mkrtchan, Lilit"]
[Black "Medvegy, Nora"]
[Result "1/2-1/2"]
[WhiteElo "2195"]
[BlackElo "2295"]

1.e4 c5 2.Nf3 e6 3.d4 cxd4 4.Nxd4 Nc6 5.Nc3 Qc7 6.Be2 a6 7.Be3 Nf6 8.O-O Bb4
9.Na4 Be7 10.c4 Nxe4 11.Nxc6 bxc6 12.Qd4 Nf6 13.Nb6 Rb8 14.c5 e5 15.Qc4 O-O
16.Rfd1 Bb7 17.Qd3 Nd5 18.Bf3 Nxe3 19.Qxe3 Rbd8 20.Nc4 Rfe8 21.Nd6 Bxd6 22.Rxd6 Re6
23.Rad1 Rxd6 24.Rxd6 Re8 25.Bg4 Bc8 26.Qd2 Re7 27.h4 a5 28.h5 h6 29.Bf5 e4
30.Qd4 e3 31.fxe3 Qd8 32.e4 Qe8 33.Qc3 Qd8 34.Rd3 Re8 35.Rg3 f6 36.Qc4+ Kf8
37.Bg6 Re6 38.Bf5 Re5 39.Bg6 Qe7 40.Rc3 Re6 41.Rb3 d5 42.Qd4 Re5 43.Rb6 Qc7
44.Qd2 Rg5 45.Rb3 Qa7 46.Qd4 Be6 47.Re3 Bf7 48.exd5 Rxd5 49.Qg4 f5 50.Qg3 Bxg6
51.hxg6 Qd7 52.Kh2 Rd4 53.Re1 Qd8 54.Kg1 Rd2 55.Qe5 Qd4+ 56.Qxd4 Rxd4 57.Re5 Rg4
58.Rxf5+ Ke8 59.Rf7 Rxg6 60.Ra7 Rg5 61.Rxa5 Kd7 62.Ra7+ Ke6 63.Ra5 Kd5 64.b4 h5
65.Ra7 h4 66.Kf2 Rf5+ 67.Ke3 Rg5 68.Kf2 Rf5+ 69.Ke3 Rg5 70.Kf3 Rg3+ 71.Kf2 g5
72.a3 Kc4 73.Ra6 Kd5 74.Ra8 Kc4 75.Ra7 Rb3  1/2-1/2

[Event "Yerevan ol (Men)"]
[Site "Yerevan"]
[Date "1996.??.??"]
[Round "3"]
[White "Mortensen, Erling"]
[Black "Wians, Camille"]
[Result "1-0"]
[WhiteElo "2445"]
[BlackElo "2315"]

1.e4 c5 2.Nf3 e6 3.d4 cxd4 4.Nxd4 Nc6 5.Nc3 a6 6.Be2 d6 7.Be3 Nf6 8.O-O Be7
9.f4 O-O 10.Kh1 Qc7 11.a4 Bd7 12.Nb3 Rac8 13.a5 Nb4 14.Bf3 e5 15.Rf2 Bc6
16.Rd2 Rfe8 17.fxe5 dxe5 18.Qg1 Bd7 19.Bb6 Qb8 20.Nc5 Bc6 21.Rad1 Bd8 22.Nb3 Bb5
23.Nxb5 axb5 24.Bxd8 Rexd8 25.c3 Nc6 26.Qb6 Rxd2 27.Rxd2 g5 28.Nc5 g4 29.Be2 Qc7
30.b4 Nxa5 31.Qxf6  1-0

[Event "Yerevan ol (Men)"]
[Site "Yerevan"]
[Date "1996.??.??"]
[Round "3"]
[White "Al Modiahki, Mohamad"]
[Black "Valiente, Cristobal"]
[Result "1/2-1/2"]
[WhiteElo "2420"]
[BlackElo "2390"]

1.e4 c5 2.Nf3 Nc6 3.Nc3 e6 4.d4 cxd4 5.Nxd4 Qc7 6.g3 a6 7.Bg2 Nge7 8.Nb3 Ng6
9.O-O Be7 10.f4 b5 11.Be3 d6 12.Qh5 Bd7 13.Rad1 O-O 14.g4 f6 15.Qh3 b4 16.Ne2 e5
17.f5 Nh8 18.Qf3 Nf7 19.Rd2 Na5 20.Nxa5 Qxa5 21.c3 Qxa2 22.cxb4 Qb3 23.Nc3 Bc6
24.Rc1 Rab8 25.Ra1 Ra8 26.Rc1 Rab8 27.Ra1 Ra8  1/2-1/2

[Event "Yerevan ol (Women)"]
[Site "Yerevan"]
[Date "1996.??.??"]
[Round "3"]
[White "Hagarova, Zuzana"]
[Black "Bojkovic, Natasa"]
[Result "1/2-1/2"]
[WhiteElo "2295"]
[BlackElo "2405"]

1.e4 c5 2.Nf3 e6 3.d4 cxd4 4.Nxd4 Nc6 5.Nc3 Qc7 6.Be2 a6 7.O-O Nf6 8.Be3 Bb4
9.Na4 O-O 10.Nxc6 bxc6 11.Nb6 Rb8 12.Nxc8 Rfxc8 13.Bxa6 Rf8 14.Bd3 Bd6 15.f4 e5
16.f5 Rxb2 17.g4 Qa5 18.g5 Bc5 19.Bxc5 Qxc5+ 20.Kh1 Ne8 21.Qh5 f6 22.Rf3 fxg5
23.Qxg5 Nf6 24.Rg1 Rf7 25.Rfg3 Rb4 26.Qh6 Qe7 27.Qe3 d5 28.c3 Rb2 29.R3g2 Rxg2
30.Rxg2 Qa7 31.Qe1 Rd7 32.exd5 cxd5 33.Qxe5 Re7 34.Qd4 Re1+ 35.Rg1 Rxg1+
36.Kxg1 Qxa2 37.c4 Qa4 38.Qe3 Qd1+ 39.Kg2 Qg4+ 40.Qg3 dxc4 41.Qxg4 Nxg4 42.Bxc4+ Kf8
43.Kg3 Ne3 44.Bd3 Kf7 45.Kf4 Nd5+ 46.Ke5 Nf6 47.Kf4 Nd5+ 48.Ke5 Nf6 49.Kf4 Nd7
50.Bb5 Nf6 51.Be2 Ke7 52.Bc4 Kd6 53.Bb3 Nd7 54.Bg8 h6 55.Ba2 Ke7 56.Bb3 Kf6
57.Bc4 Nb6 58.Bb3 Nc8 59.Bc2 Na7 60.Ba4 Nc8 61.Bc2 Ne7 62.Be4  1/2-1/2

[Event "Yerevan ol (Women)"]
[Site "Yerevan"]
[Date "1996.??.??"]
[Round "4"]
[White "Madl, Ildiko"]
[Black "Bojkovic, Natasa"]
[Result "1/2-1/2"]
[WhiteElo "2385"]
[BlackElo "2405"]

1.e4 c5 2.Nf3 e6 3.d4 cxd4 4.Nxd4 Nc6 5.Nc3 Qc7 6.Be3 a6 7.Bd3 Nf6 8.O-O Nxd4
9.Bxd4 Bc5 10.Bxc5 Qxc5 11.Qe2 d6 12.Kh1 b5 13.a4 b4 14.Nb1 O-O 15.Nd2 a5
16.Nb3 Qb6 17.f3 Bd7 18.Rfd1  1/2-1/2

[Event "Yerevan ol (Men)"]
[Site "Yerevan"]
[Date "1996.??.??"]
[Round "4"]
[White "Alzate, Dario"]
[Black "Mortensen, Erling"]
[Result "1/2-1/2"]
[WhiteElo "2370"]
[BlackElo "2445"]

1.e4 c5 2.Nf3 e6 3.d4 cxd4 4.Nxd4 Nc6 5.Nc3 a6 6.Be3 Qc7 7.Bd3 b5 8.Nxc6 Qxc6
9.O-O Bb7 10.a3 Nf6 11.Qf3 Qc7 12.Qh3 h5 13.f3 Bc5 14.Bxc5 Qxc5+ 15.Rf2 g5
16.Re1 Qe5 17.Qg3 Qxg3 18.hxg3 h4 19.gxh4 Rxh4 20.e5 Nh5 21.Rd2 f5 22.exf6 Nxf6
23.Re5 g4 24.Be4 O-O-O 25.Bxb7+ Kxb7 26.Rxe6 Rf8 27.Re3 Kc6 28.Red3 gxf3
29.Rxf3 Rh6 30.Nd5 a5 31.Rc3+ Kb7 32.Nxf6 Rhxf6 33.Rxd7+ Kb6 34.Rh7 Re8 35.Kh2 Re2
36.Kh3 Rc6 37.Rxc6+ Kxc6 38.Rh6+ Kb7 39.Rh7+ Kc6 40.Rh8 Kb7 41.Rh5 Kb6 42.Rh6+ Kb7
43.Rg6 Rxc2 44.b4 axb4 45.axb4 Rc4 46.Rg4 Kc6 47.g3 Kd5 48.Rf4 Ke6 49.Kg4 Rc3
50.Kh4 Ke5 51.Kh3 Ke6 52.Kg4 Rb3 53.Kh4 Ke5 54.Rg4 Kf6 55.Kh5 Kf5 56.Rf4+ Ke5
57.Kg4 Ke6 58.Kh3 Ke5 59.Rh4 Kf6 60.Kg2 Rb2+ 61.Kf3 Rb3+ 62.Kf2 Ke6 63.Rf4 Ke5
64.Kg2 Rb2+ 65.Kh3 Rb3 66.Kh4 Rc3 67.Kg4 Ke6 68.Re4+ Kd5 69.Kf4 Rxg3  1/2-1/2

[Event "Yerevan ol (Men)"]
[Site "Yerevan"]
[Date "1996.??.??"]
[Round "4"]
[White "Hamid, Mansour Kadi"]
[Black "Berend, Fred"]
[Result "1-0"]
[WhiteElo "2300"]
[BlackElo "2425"]

1.e4 c5 2.Nf3 e6 3.d4 cxd4 4.Nxd4 Nc6 5.Nc3 a6 6.Be3 Nf6 7.Bd3 d5 8.exd5 exd5
9.O-O Bd6 10.Nxc6 bxc6 11.Re1 O-O 12.Bg5 h6 13.Bh4 Rb8 14.Rb1 Rb4 15.Bg3 Ng4
16.Be2 Bxg3 17.hxg3 Qb6 18.Bxg4 Bxg4 19.Qd2 Bf5 20.a3 Rg4 21.Re5 Bg6 22.Kh2 Qd4
23.Qe2 Bxc2 24.Re1 Bd3 25.Qf3 Bg6 26.Re8 Rg5 27.Rd1 Qc5 28.b4 Qa7 29.Rxf8+ Kxf8
30.Qf4 Kg8 31.Rd2 Kh7 32.Qd6 Rg4 33.Na4 a5 34.Nc5 axb4 35.Nd7 Qa8 36.axb4 Rg5
37.Rd1 Bf5 38.Ne5 Bc2 39.Rc1 Qe8 40.Nf3 Rg6 41.Qe5 Re6 42.Qc3 Ba4 43.Nd4 Rf6
44.Re1 Qd7 45.Ra1 Bb5 46.Qc2+ g6 47.Qc3 Bc4 48.Ra8 Qd6 49.Qe3 Qd7 50.Qe5 Qg4
51.Qxf6 Qh5+ 52.Qh4 Qd1 53.Nf3  1-0

[Event "Yerevan ol (Men)"]
[Site "Yerevan"]
[Date "1996.??.??"]
[Round "4"]
[White "Votava, Jan"]
[Black "Fiorito, Fabian"]
[Result "1/2-1/2"]
[WhiteElo "2545"]
[BlackElo "2470"]

1.e4 c5 2.Nf3 e6 3.d4 cxd4 4.Nxd4 Nc6 5.Nc3 Qc7 6.g3 a6 7.Bg2 d6 8.O-O Bd7
9.Re1 Be7 10.Nxc6 Bxc6 11.Ne2 Nf6 12.Nd4 Bd7 13.b3 Rb8 14.c4 O-O 15.Bb2 Rfe8
16.Qd2 Rbd8 17.Rac1 Bc8 18.h3 b6 19.Ne2 Bb7 20.Nf4 Qb8 21.Qe3 Ba8 22.e5 dxe5
23.Bxe5 Qa7 24.Bxa8 Rxa8 25.Rcd1 Red8 26.Rxd8+ Bxd8 27.Rd1 Be7 28.Qf3 Rc8
29.a4 h6 30.h4 Rd8 31.Rxd8+ Bxd8 32.Qc6 Qd7 33.Qf3 Qd2 34.Kg2 Qc2 35.Bxf6 Bxf6
36.Qa8+ Kh7 37.Qb7 Bd4 38.Qxf7 Qxf2+ 39.Kh3 Qf1+ 40.Kg4 Qd1+ 41.Kh3 Qf1+
42.Kg4 Qd1+  1/2-1/2